000 00846nam0a22002411 4500
001 rc\2913461
005 20250529223028.0
035 _a(NLR Aleph) 007064024
090 _a6314477
_c6314477
100 _a20080104d1934 |||y0rusy50 ca
101 0 _arus
102 _aRU
105 _ay z ||||y
200 1 _aГипофиз
_eАнатомо-клинич. очерк
_fпреподаватель-доц. Криницкий, Я.М.
210 _aСыктывкар
_cНауч.-мед. о-во
_d1934
_gтип. Коми Гиз'а
215 _aОбл., 80, [2] с.
_d23х15 см
320 _aБиблиогр.: "Лит. источники" (с. 74-81)
700 1 _aКриницкий
_bЯ.М.
_f1896-
_gЯков Матвеевич
801 0 _aRU
_bNLR
_gpsbo
801 1 _aRU
_bELAR
_2rusmarc
852 _aNLR
_j34-11/1502
942 _cBOOK
980 _aNB